书目信息 |
| 题名: |
西文文献编目
|
|
| 作者: | 王作梅 编著 | |
| 分册: | ||
| 出版信息: | 武汉 武汉大学出版社 1997 |
|
| 页数: | 453页 | |
| 开本: | 20cm | |
| 丛书名: | ||
| 单 册: | ||
| 中图分类: | G254.3 | |
| 科图分类: | ||
| 主题词: | 编目 , 图书编目-外文--高等学校--教材 | |
| 电子资源: | ||
| ISBN: | 7-307-02376-8 | |
| 000 | 00621nam0 2200217 45 | |
| 001 | 0198012108 | |
| 005 | 20050927111627.50 | |
| 010 | @a7-307-02376-8@dCNY14.20 | |
| 100 | @a19980302d1997 em y0chiy0121 ea | |
| 101 | 0 | @achi |
| 102 | @aCN@b420000 | |
| 105 | @ay z 000yy | |
| 200 | 10 | @a西文文献编目@Axi wen wen xian bian mu@f王作梅等编著@Fwang zuo mei deng bian zhu |
| 210 | @a武汉@c武汉大学出版社@d1997 | |
| 215 | @a453页@d20cm | |
| 606 | @a编目 | |
| 606 | @a图书编目-外文@x高等学校@x教材 | |
| 690 | @aG254.3@v3 | |
| 701 | 0 | @a王作梅@Awang zuo mei@4编著 |
| 801 | 0 | @aCN@bTSSF@c20050927 |
| 905 | @a10447@dG254.3@e64 | |
| 西文文献编目/王作梅等编著.-武汉:武汉大学出版社,1997 |
| 453页;20cm |
| ISBN 7-307-02376-8:CNY14.20 |
| ● |
| 相关链接 |
|
|
|
|
正题名:西文文献编目
索取号:G254.3/64
 
预约/预借
| 序号 | 登录号 | 条形码 | 馆藏地/架位号 | 状态 | 备注 |
| 1 | 0363902 | 3639021 | 第一样本阅览室/ [索取号:G254.3/64] | 在馆 | |
| 2 | 0363903 | 3639030 | 第四借阅区/ [索取号:G254.3/64] | 在馆 | |
| 3 | 0363904 | 3639049 | 第四借阅区/ [索取号:G254.3/64] | 在馆 |